| 000 | 01012nam a2200253 a 4500 | ||
|---|---|---|---|
| 001 | 48426 | ||
| 003 | BD-RjUL | ||
| 005 | 20211209054525.0 | ||
| 008 | 160814s1966 bg ||||| |||| 00| 0 ben d | ||
| 020 | _c: TK 2.00 | ||
| 035 | _a(BD-RjUL)48545 | ||
| 040 |
_aBD-RjUL _bben _cBD-RjUL |
||
| 041 | _aben | ||
| 082 |
_223 _a891.442 _bSES 1966 |
||
| 245 | 0 | 0 |
_aশেষফল : _bসামাজিক নাটক / |
| 260 |
_aচট্রগ্রাম : _bএ,কে,এম আবু জাফর, _c১৯৬৬ |
||
| 300 |
_a[৮], ১০৩ পৃ. ; _c১৭ সেমি. |
||
| 490 | _aপাকিস্তান টোবাকো কোঃ ড্রামেটিক ক্লাব | ||
| 650 |
_aবাংলা নাটক _9146486 |
||
| 650 |
_aBengali Drama _9146487 |
||
| 700 |
_aআহমদ, ফয়েজ, নাট্যরূপ _9146488 |
||
| 856 | _3পাকিস্তান টোবাকো কোঃ ড্রামেটিক ক্লাব | ||
| 942 |
_2ddc _cBK |
||
| 999 |
_c48426 _d48426 |
||